| 000 | 00561nam a2200205 i 4500 | ||
|---|---|---|---|
| 001 | 29879 | ||
| 003 | ES-MaACL | ||
| 005 | 20230906154114.0 | ||
| 007 | t| | ||
| 008 | 030123s1985 sp ||||1| spa d | ||
| 020 | _a84-86411-01-7 | ||
| 245 | 0 | 3 |
_aLa base de la genética / _cJ. García... [et al.]. |
| 260 |
_aMadrid : _bPenthalon, _c[1985] |
||
| 300 |
_a159 p. : _bil. ; _c19 cm. |
||
| 490 | 1 |
_aContacto ; _v17 |
|
| 700 | 1 |
_aGarcía, J. _954035 |
|
| 830 | 0 |
_aContacto ; _v17 _9229313 |
|
| 852 |
_aES-MaACL _jL-10299 _bR.111681 |
||
| 999 |
_c29879 _d29879 |
||